Anatomía Dental (Registro nro. 3614)
[ vista simple ]
| 000 -Cabecera | |
|---|---|
| Campo de control de longitud fija | 00920nam a22003497a 4500 |
| 005 - Fecha y hora de la última transacción | |
| Campo de control | 20251031144722.0 |
| 008 - Elementos de longitud fija--Información general | |
| Campo de control de longitud fija | 150304b2011 xxu||||| |||| 00| 0 spa d |
| 020 ## - International Standard Book Number | |
| Número Internacional Estándar del Libro (ISBN) | 9786072000889 |
| 041 ## - Idioma | |
| Código de idioma | Español |
| 082 ## - Clasificación Decimal Dewey | |
| Número de clasificación | 611.314 E77an8 |
| 100 ## - Entrada principal--Autor personal | |
| Nombre personal | Esponda Vila, Rafael |
| 9 (RLIN) | 21752 |
| 245 ## - Título propiamente dicho | |
| Título | Anatomía Dental |
| 260 ## - Pie de imprenta | |
| Lugar de publicación, distribución, etc. | México |
| 260 ## - Pie de imprenta | |
| Nombre del editor, distribuidor, etc. | Universidad Nacional Autónoma de México |
| 260 ## - Pie de imprenta | |
| Fecha de publicación, distribución, etc. | 2011 |
| 300 ## - Descripción física | |
| Extensión | 416 páginas |
| 300 ## - Descripción física | |
| Otras características físicas | Ilustraciones a blanco y negro |
| 490 ## - Serie | |
| Título de la Serie | Mecánica Dental |
| 650 ## - Materia general | |
| Temática (materia general) | ANATOMÍA DENTAL |
| 650 ## - Materia general | |
| Temática (materia general) | OCLUSIÓN |
| 650 ## - Materia general | |
| Temática (materia general) | TEJIDOS DENTALES |
| 650 ## - Materia general | |
| Temática (materia general) | ESMALTE DENTAL |
| 650 ## - Materia general | |
| Temática (materia general) | SENSIBILIDAD DENTAL |
| 650 ## - Materia general | |
| Temática (materia general) | ARTICULACIÓN ALVÉOLODENTAL |
| 650 ## - Materia general | |
| Temática (materia general) | EMBRIOLOGÍA DEL DIENTE |
| 650 ## - Materia general | |
| Temática (materia general) | MORFOLOGÍA DENTAL |
| 650 ## - Materia general | |
| Temática (materia general) | CANINOS |
| 650 ## - Materia general | |
| Temática (materia general) | PREMOLARES |
| 650 ## - Materia general | |
| Temática (materia general) | MOLARES |
| 650 ## - Materia general | |
| Temática (materia general) | DENTADURA INFANTIL |
| 942 ## - Punto de acceso adicional KOHA | |
| Tipo de ítem KOHA | Libro |
| Fuente del sistema de clasificación o colocación | Dewey Decimal Classification |
| Signatura completa | Código de barras | Programa Académico | Tipo de ítem |
|---|---|---|---|
| 611.314 E77an8 | 18626 | Mecánica Dental | Libro |